<?xml version="1.0" encoding="UTF-8"?>
<record
    xmlns:xsi="http://www.w3.org/2001/XMLSchema-instance"
    xsi:schemaLocation="http://www.loc.gov/MARC21/slim http://www.loc.gov/standards/marcxml/schema/MARC21slim.xsd"
    xmlns="http://www.loc.gov/MARC21/slim">

  <leader>01027nam a2200253 a 4500</leader>
  <controlfield tag="001">41111</controlfield>
  <controlfield tag="003">BD-RjUL</controlfield>
  <controlfield tag="005">20211209053330.0</controlfield>
  <controlfield tag="008">160515s1967    bg ||||| |||| 00| 0 ben d</controlfield>
  <datafield tag="035" ind1=" " ind2=" ">
    <subfield code="a">(BD-RjUL) 41227</subfield>
  </datafield>
  <datafield tag="040" ind1=" " ind2=" ">
    <subfield code="a">BD-RjUL</subfield>
    <subfield code="b">ben</subfield>
    <subfield code="c">BD-RjUL</subfield>
  </datafield>
  <datafield tag="041" ind1=" " ind2=" ">
    <subfield code="a">ben</subfield>
  </datafield>
  <datafield tag="082" ind1=" " ind2=" ">
    <subfield code="2">23</subfield>
    <subfield code="a">972</subfield>
    <subfield code="b">LAM 1967</subfield>
  </datafield>
  <datafield tag="100" ind1=" " ind2=" ">
    <subfield code="a">&#x9B2;&#x9C7;&#x9B0;&#x9C7;&#x9B2;&#x9A1;&#x9BF;, &#x98F;&#x9B2;&#x9B8;&#x9BE; </subfield>
    <subfield code="9">126463</subfield>
  </datafield>
  <datafield tag="245" ind1="1" ind2="0">
    <subfield code="a">&#x9AE;&#x9C7;&#x995;&#x9CD;&#x9B8;&#x9BF;&#x995;&#x9CB; /</subfield>
    <subfield code="c">&#x98F;&#x9B2;&#x9B8;&#x9BE; &#x9B2;&#x9C7;&#x9B0;&#x9C7;&#x9B2;&#x9A1;&#x9BF; ; &#x99A;&#x9CC;&#x9A7;&#x9C1;&#x9B0;&#x9C0; &#x9B6;&#x9BE;&#x9AE;&#x9B8;&#x9C1;&#x9B0; &#x9B0;&#x9B9;&#x9AE;&#x9BE;&#x9A8; &#x985;&#x9A8;&#x9C1;&#x9AC;&#x9BE;&#x9A6;&#x995;</subfield>
  </datafield>
  <datafield tag="260" ind1=" " ind2=" ">
    <subfield code="a">&#x9A2;&#x9BE;&#x995;&#x9BE; : </subfield>
    <subfield code="b">&#x9B8;&#x9BE;&#x9B9;&#x9BF;&#x9A4;&#x9CD;&#x9AF;&#x9BF;&#x995;&#x9BE;, </subfield>
    <subfield code="c">&#x9E7;&#x9EF;&#x9EC;&#x9ED;</subfield>
  </datafield>
  <datafield tag="300" ind1=" " ind2=" ">
    <subfield code="a">[&#x9EB;], &#x9E7;&#x9EB;&#x9EB; &#x9AA;&#x9C3;. :</subfield>
    <subfield code="b">&#x99A;&#x9BF;&#x9A4;&#x9CD;&#x9B0; ;</subfield>
    <subfield code="c">&#x9E7;&#x9EE; &#x9B8;&#x9C7;&#x9AE;&#x9BF;. </subfield>
  </datafield>
  <datafield tag="490" ind1=" " ind2=" ">
    <subfield code="a">&#x9A6;&#x9C7;&#x9B6; &#x993; &#x99C;&#x9BE;&#x9A4;&#x9BF; ;</subfield>
    <subfield code="v">&#x9B8;&#x9BF;&#x9B0;&#x9BF;&#x99C;-&#x9ED;</subfield>
  </datafield>
  <datafield tag="651" ind1=" " ind2=" ">
    <subfield code="a">&#x9AE;&#x9C7;&#x995;&#x9CD;&#x9B8;&#x9BF;&#x995;&#x9CB;</subfield>
    <subfield code="9">126464</subfield>
  </datafield>
  <datafield tag="651" ind1=" " ind2=" ">
    <subfield code="a">Mexico</subfield>
    <subfield code="9">126465</subfield>
  </datafield>
  <datafield tag="700" ind1=" " ind2=" ">
    <subfield code="a">&#x9B0;&#x9B9;&#x9AE;&#x9BE;&#x9A8;, &#x99A;&#x9CC;&#x9A7;&#x9C1;&#x9B0;&#x9C0; &#x9B6;&#x9BE;&#x9AE;&#x9B8;&#x9C1;&#x9B0; &#x985;&#x9A8;&#x9C1;&#x9AC;&#x9BE;&#x9A6;&#x995;</subfield>
    <subfield code="9">126466</subfield>
  </datafield>
  <datafield tag="830" ind1=" " ind2=" ">
    <subfield code="a">&#x9A6;&#x9C7;&#x9B6; &#x993; &#x99C;&#x9BE;&#x9A4;&#x9BF; ;</subfield>
    <subfield code="v">&#x9B8;&#x9BF;&#x9B0;&#x9BF;&#x99C;-&#x9ED;</subfield>
    <subfield code="9">126467</subfield>
  </datafield>
  <datafield tag="942" ind1=" " ind2=" ">
    <subfield code="2">ddc</subfield>
    <subfield code="c">BK</subfield>
  </datafield>
  <datafield tag="999" ind1=" " ind2=" ">
    <subfield code="c">41111</subfield>
    <subfield code="d">41111</subfield>
  </datafield>
  <datafield tag="952" ind1=" " ind2=" ">
    <subfield code="0">0</subfield>
    <subfield code="1">0</subfield>
    <subfield code="2">ddc</subfield>
    <subfield code="4">0</subfield>
    <subfield code="7">0</subfield>
    <subfield code="8">NFIC</subfield>
    <subfield code="a">RUCL</subfield>
    <subfield code="b">RUCL</subfield>
    <subfield code="c">Stack</subfield>
    <subfield code="d">1969-01-24</subfield>
    <subfield code="e">Paragon Enterprise Lit., Dhaka</subfield>
    <subfield code="g">4.00</subfield>
    <subfield code="l">0</subfield>
    <subfield code="o">B 972 LAM 1967</subfield>
    <subfield code="r">2016-05-15 00:00:00</subfield>
    <subfield code="t">C-2</subfield>
    <subfield code="w">2016-05-15</subfield>
    <subfield code="y">BK</subfield>
  </datafield>
</record>
